000 02076nam a2200337 i 4500
003 DO-SdBNP
005 20240920150304.0
006 a||||fr|||| 00| 0
007 ta
008 240725e2024 dr ad||| |||| 00| e spa d
020 _a9789945800074
040 _aDO-SdBNP
_bspa
_cBNPHU
_erda
041 _aspa
082 4 _a0
_bM672i
_222
100 1 _aMiranda Villalona, Germán Daniel,
_eautor
_4aut.
_986170
245 1 0 _aImpacto Ley número 155-17, contra lavado de activos y financiamiento del terrorismo, en los sujetos obligados financieros y no financieros República Dominicana /
_cGermán Daniel Miranda Villalona ; prólogo, Heiromy Ysaac Castro Milanes.
246 1 4 _aTesis para optar por el título de Maestría en Ciencias Penales.
264 4 _aSanto Domingo :
_bLibrería Jurídica Global,
_c©2024
300 _axvii, 137 páginas :
_bilustraciones, gráficas ;
_c23 cm.
336 _atexto
_btxt
_2rdacontent
337 _asin mediación
_bn
_2rdamedia
338 _avolumen
_bnc
_2rdacarrier
500 _aTesis cuarto nivel para optar por el título, Maestría en Ciencias Penales.
504 _aBibliografía: p. 103-107
505 _aPrólogo.--
_t Introducción.--
_tCapítulo I: Selección de Aspectos Metodológicos.--
_tCapítulo II: Impacto Ley Número 155-17, Contra Lavado de Activo y Financiamiento del Terrorismo, en los Sujetos Obligados Financieros y no Financieros República Dominicana.--
_tCapítulo III: Congelamiento Preventivo de Bienes en Virtud de Resoluciones del Consejo de Seguridad de las Naciones Unidas, Rol de los Sujetos Obligados.--
_tCapítulo IV: Análisis comparativo de Sujetos Obligados en Legislaciones de otros países.--
_tApéndices y Anexos.
590 _aInventariado 2024 / MF
650 4 _aLavado de Dinero
_vTesis y Disertaciones Académicas
_zRepública Dominicana
_97252
651 4 _aRepública Dominicana
_vTesis y Disertaciones Académicas
_xLEY 137-03 Contra Lavado de Activos y Financiamiento del Terrorismo,
_956699
700 1 _aCastro Milanes, Heiromy Ysaac,
_eprologuista
_4pr.
_986171
942 _2ddc
_cLBS1
999 _c57360
_d57360